Introudction to data analysis and statistal inference. (Record no. 543963)

000 -LEADER
fixed length control field 00380nam a22001337a 4500
082 ## - DEWEY DECIMAL CLASSIFICATION NUMBER
Classification number 519.5
Author Mark MOR
100 ## - MAIN ENTRY--PERSONAL NAME
Personal name Morris,Carl N.
9 (RLIN) 39476
245 ## - TITLE STATEMENT
Title Introudction to data analysis and statistal inference.
Statement of responsibility, etc. Carl N, Morris.
260 ## - PUBLICATION, DISTRIBUTION, ETC.
Place of publication, distribution, etc. USA
Name of publisher, distributor, etc. USA
Date of publication, distribution, etc. 1981
300 ## - PHYSICAL DESCRIPTION
Extent p389. :
Other physical details ill. ;
Dimensions 14 cm.
526 ## - STUDY PROGRAM INFORMATION NOTE
Program name 0
Interest level 0
Reading level 0
Title point value 519_500000000000000_MOR
650 ## - SUBJECT ADDED ENTRY--TOPICAL TERM
Topical term or geographic name entry element MCE
9 (RLIN) 379
942 ## - ADDED ENTRY ELEMENTS (KOHA)
Source of classification or shelving scheme
Koha item type Book
Holdings
Withdrawn status Lost status Source of classification or shelving scheme Damaged status Not for loan Permanent Location Current Location Date acquired Total Checkouts Full call number Barcode Date last seen Price effective from Koha item type
          Military College of Engineering (MCE) Military College of Engineering (MCE) 04/08/2014   519.5 MOR MCE-29749 04/08/2014 04/08/2014 Book
© 2023 Central Library, National University of Sciences and Technology. All Rights Reserved.